000 00804nam a2200229 i 4500
001 175647
003 ES-MaACL
005 20250816062553.0
007 t|
008 101115s1981 sp r ||||1| spa d
020 _a84-220-0998-6
080 _a111.852
100 1 _aSánchez de Muniain y Gil, José María.
_9102590
245 1 3 _aLa vida estética
_b: contribución al conocimiento del hombre /
_cpor José Mª Sánchez de Muniain y Gil.
260 _aMadrid :
_bLa Editorial Católica,
_c1981.
300 _aXII, 194 p. ;
_c18 cm.
490 1 _aBiblioteca de autores cristianos. Serie Minor ;
_v63
650 0 7 _aEstética
_2embne
_9142387
830 0 0 _aBiblioteca de autores cristianos.
_pMinor
_v63
_9189814
852 _aES-MaACL
_jE-13521
_xOlim P-1255
999 _c175647
_d175647